| 000 | 00432nam a22001217a 4500 | ||
|---|---|---|---|
| 999 |
_c18761 _d18761 |
||
| 008 | 210209b xxu||||| |||| 00| 0 eng d | ||
| 050 |
_aGMB0346 _b.T85 2016 c.1 |
||
| 100 | _aTuitoek, Paul Kipruto | ||
| 245 |
_aEffect of corporate governance practices on performance of Kenya football premier league _cPaul Kipruto Tuitoek |
||
| 260 |
_aKabarak, Nakuru, Kenya _bKabarak University _c2016 |
||
| 300 | _a71 leaves | ||
| 942 |
_2lcc _cTHE |
||